| 000 | 00451cam a22001577a 4500 | ||
|---|---|---|---|
| 008 | 180718b1986 xxu||||| |||| 00| 0 eng d | ||
| 020 | _a8122000509 | ||
| 082 | _aT19x54 J559e | ||
| 100 | _aJhingan, M.L. | ||
| 245 |
_aThe economics of development and planning _cby M.L. Jhingan |
||
| 250 | _a20th rev. ed. | ||
| 260 |
_aNew Delhi _bKonark _c1986 |
||
| 300 | _a912p. | ||
| 650 | _aIndia - Economic conditions | ||
| 650 | _aEconomic development - India | ||
| 999 |
_c491925 _d491925 |
||